La inseguridad social: ¿Qué es estar protegido? (Registro nro. 2882)

Detalles MARC
000 -Cabecera
Campo de control de longitud fija 00618aam a2200241 4500
005 - Fecha y hora de la última transacción
Campo de control 20260406172222.0
008 - Elementos de longitud fija--Información general
Campo de control de longitud fija 150616b xxu||||| |||| 00| 0 spa d
020 ## - International Standard Book Number
Número Internacional Estándar del Libro (ISBN) 9789875000780
041 ## - Idioma
Código de idioma Español
082 ## - Clasificación Decimal Dewey
Número de clasificación 364.4 C348i
100 ## - Entrada principal--Autor personal
Nombre personal Castel, Robert
9 (RLIN) 24660
245 ## - Título propiamente dicho
Título La inseguridad social: ¿Qué es estar protegido?
260 ## - Pie de imprenta
Lugar de publicación, distribución, etc. Argentina
260 ## - Pie de imprenta
Nombre del editor, distribuidor, etc. Manantial
260 ## - Pie de imprenta
Fecha de publicación, distribución, etc. 2011
300 ## - Descripción física
Extensión 120 páginas
490 ## - Serie
Título de la Serie Investigación Criminal
650 ## - Materia general
Temática (materia general) INSEGURIDAD SOCIAL
650 ## - Materia general
Temática (materia general) SEGURIDAD SOCIAL
650 ## - Materia general
Temática (materia general) SEGURIDAD CIVIL
650 ## - Materia general
Temática (materia general) ESTADO DE DERECHO
942 ## - Punto de acceso adicional KOHA
Tipo de ítem KOHA Libro
Fuente del sistema de clasificación o colocación Dewey Decimal Classification
Existencias
Signatura completa Código de barras Programa Académico Tipo de ítem
364.4 C348i 16329 Investigación Criminal Libro